| 000 | 00373nam a22001097a 4500 | ||
|---|---|---|---|
| 082 | _a530 | ||
| 100 |
_aRaj,Dr Manish _983080 |
||
| 245 | _aOBJECTIVE NCERT PUNCH BOOK FOR NTA NEET 2025 4500+ NTA like MCQs extracted from NCERT line by line NEET 2024 SOLVED PAPER INCLUDED PHYSICS | ||
| 260 |
_bPhysics Wallah Publication _c2024 |
||
| 650 |
_aPhysice _983081 |
||
| 942 | _cC. BOOKS | ||
| 999 |
_c67853 _d67853 |
||